LEADER 01803nam 2200373 450 001 9910688216603321 005 20230623213728.0 024 7 $a10.5772/intechopen.92901 035 $a(CKB)5400000000043715 035 $a(NjHacI)995400000000043715 035 $a(EXLCZ)995400000000043715 100 $a20230623d2021 uy 0 101 0 $aeng 135 $aur||||||||||| 181 $ctxt$2rdacontent 182 $cc$2rdamedia 183 $acr$2rdacarrier 200 00$aCurrent cataract surgical techniques /$fedited by Xiaogang Wang 210 1$aLondon, England :$cIntechOpen,$d2021. 215 $a1 online resource (168 pages) 311 $a1-83968-676-6 330 $aThe first clinical application of the phacoemulsification cataract surgical technique (often referred to as "phaco") was introduced in 1967 by Dr. Charles Kelman. This innovation is a big step forward for cataract surgery. With the development of intraocular lens (IOL) design, more and more premium presbyopia- and astigmatism-correction IOLs are being used in clinics. This progress has greatly improved the visual quality of cataract patients. This book discusses the basic surgical skills required to perform this procedure, premium IOL surgical design, specific surgical plans for clinically challenging cases, and more. It provides readers with a comprehensive knowledge of the current state of the art of cataract surgery and surgical design. 606 $aCataract$xSurgery 606 $aPhacoemulsification 615 0$aCataract$xSurgery. 615 0$aPhacoemulsification. 676 $a617.742059 702 $aWang$b Xiaogang 801 0$bNjHacI 801 1$bNjHacl 906 $aBOOK 912 $a9910688216603321 996 $aCurrent Cataract Surgical Techniques$92826476 997 $aUNINA LEADER 02689oam 2200541I 450 001 9910165045503321 005 20240505202221.0 010 $a1-315-28063-9 010 $a1-315-28065-5 024 7 $a10.4324/9781315280653 035 $a(CKB)3710000001060456 035 $a(MiAaPQ)EBC4809822 035 $a(OCoLC)974666844 035 $a(EXLCZ)993710000001060456 100 $a20180706d2017 uy 0 101 0 $aeng 135 $aurcnu|||||||| 181 $2rdacontent 182 $2rdamedia 183 $2rdacarrier 200 14$aThe interfaces of Chinese syntax with semantics and pragmatics /$fYicheng Wu 205 $a1st ed. 210 1$aLondon ;$aNew York :$cRoutledge,$d2017. 215 $a1 online resource (231 pages) 225 0 $aRoutledge Studies in Chinese Linguistics 311 08$a1-138-24132-6 311 08$a1-315-28064-7 320 $aIncludes bibliographical references and index. 327 $a1. Chinese syntax : a general description -- 2. The dynamics of language processing -- 3. The dynamics of verbal underspecification in Chinese -- 4. Topic constructions -- 5. Passive constructions -- 6. Copular constructions -- 7. The cleft construction -- 8. Semantic underspecification : cases of personal pronouns -- 9. Conclusion. 330 $aThe Interfaces of Chinese Syntax with Semantics and Pragmatics provides an in-depth exploration of a variety of interface phenomena in Chinese, a non-inflectional language, where to a large extent word order constrains its interpretation and defines its grammatical functions. Under the Dynamic Syntax approach, which takes the incremental left-to-right processing of linguistic forms to be a fundamental part of characterizing the relation between syntactic structure and semantic interpretation, a straightforward explanation is provided. The study features detailed analysis of a range of key grammatical constructions such as topic, passive, copular and cleft, where previous analyses were sought in pure syntactic, semantic or pragmatic terms. 410 0$aRoutledge studies in Chinese linguistics. 606 $aChinese language$xSyntax 606 $aChinese language$xGrammar 606 $aChinese language$xSemantics 606 $aPragmatics 615 0$aChinese language$xSyntax. 615 0$aChinese language$xGrammar. 615 0$aChinese language$xSemantics. 615 0$aPragmatics. 676 $a495.15 700 $aWu$b Yicheng.$0993261 801 0$bMiAaPQ 801 1$bMiAaPQ 801 2$bMiAaPQ 906 $aBOOK 912 $a9910165045503321 996 $aThe interfaces of Chinese syntax with semantics and pragmatics$92274326 997 $aUNINA